[Event "Landesliga Sued 0203"]
[Site "Bayern"]
[Date "2003.03.30"]
[Round "9.4"]
[White "Schwierskott, Marc"]
[Black "Taeger, Winfried"]
[Result "0-1"]
[WhiteElo "2197"]
[BlackElo "2259"]
[PlyCount "76"]
[EventDate "2002.10.20"]
[EventType "team-tourn"]
[EventRounds "9"]
[EventCountry "GER"]
[SourceTitle "EXT 2004"]
[Source "ChessBase"]
[SourceDate "2003.11.25"]
[SourceVersion "1"]
[SourceVersionDate "2003.11.25"]
[SourceQuality "1"]
[WhiteTeam "Muenchen Sendling"]
[BlackTeam "Tegernsee II"]
[WhiteTeamCountry "GER"]
[BlackTeamCountry "GER"]

1. c4 e6 2. Nc3 b6 3. e4 Bb7 4. Nge2 c5 5. d4 cxd4 6. Nxd4 Bb4 7. f3 Qh4+ 8. g3 Qh5 9. Ndb5 Na6 10. Bf4 f5 11. Be2 Nh6 12. Nd6+ Bxd6 13. Bxd6 Nf7 14. f4 Qh6 15. Bf3 Rc8 16. 0-0 fxe4 17. Bxe4 Bxe4 18. Nxe4 Rc6 19. Qd3 Nxd6 20. Nxd6+ Ke7 21. Ne4 Nc5 22. Nxc5 Rxc5 23. Rad1 Rd8 24. Rde1 g6 25. b4 Rh5 26. Rf2 Rf5 27. Rd2 Kf7 28. Qd6 g5 29. Qc7 Ke8 30. Rd6 Qf6 31. c5 bxc5 32. bxc5 gxf4 33. c6 f3 34. cxd7+ Kf7 35. Rf1 Qb2 36. Rf2 Qb1+ 37. Rf1 f2+ 38. Kg2 Qe4+ 0-1

[Event "Bayern-chI Bank Hofmann 6th"]
[Site "Bad Wiessee"]
[Date "2002.11.02"]
[Round "8"]
[White "Taeger, Winfried"]
[Black "Brueggemann, Joachim"]
[Result "0-1"]
[WhiteElo "2285"]
[BlackElo "2412"]
[PlyCount "70"]
[EventDate "2002.10.26"]
[EventType "swiss"]
[EventRounds "9"]
[EventCountry "GER"]
[SourceTitle "EXT 2003"]
[Source "ChessBase"]
[SourceDate "2002.11.25"]
[SourceVersion "1"]
[SourceVersionDate "2002.11.25"]
[SourceQuality "1"]

1. e4 c5 2. Ne2 Nc6 3. d4 cxd4 4. Nxd4 Nf6 5. Nc3 d6 6. Bg5 e6 7. Qd2 h6 8. Be3 Ng4 9. 0-0-0 Nxe3 10. Qxe3 Be7 11. Kb1 a6 12. f4 Bd7 13. Be2 Qb6 14. Qg3 0-0 15. Nf3 Rfc8 16. Qe1 Na5 17. Qg1 Rc5 18. e5 d5 19. g4 Rac8 20. Bd3 Qb4 21. Ne2 Nc4 22. Bxc4 Qxc4 23. Ned4 Ra5 24. b3 Qb4 25. Rd2 Qa3 26. c3 Rxc3 27. g5 hxg5 28. h4 Bb5 29. Rb2 Bd3+ 30. Ka1 gxf4 31. Qg4 Qc5 32. Qxf4 Qc7 33. Rg1 Ba3 34. Rbg2 Rc1+ 35. Rxc1 Bxc1 0-1

[Event "Bayern-chI Bank Hofmann 6th"]
[Site "Bad Wiessee"]
[Date "2002.11.01"]
[Round "7"]
[White "Schneider, Andreas"]
[Black "Taeger, Winfried"]
[Result "0-1"]
[WhiteElo "2088"]
[BlackElo "2285"]
[PlyCount "76"]
[EventDate "2002.10.26"]
[EventType "swiss"]
[EventRounds "9"]
[EventCountry "GER"]
[SourceTitle "EXT 2003"]
[Source "ChessBase"]
[SourceDate "2002.11.25"]
[SourceVersion "1"]
[SourceVersionDate "2002.11.25"]
[SourceQuality "1"]

1. e4 c5 2. Nf3 d6 3. d4 cxd4 4. Nxd4 Nf6 5. Nc3 Nc6 6. Bg5 e6 7. Qd2 a6 8. 0-0-0 h6 9. Be3 Bd7 10. f3 b5 11. Bd3 Be7 12. g4 Nxd4 13. Bxd4 b4 14. Ne2 e5 15. Bf2 Qa5 16. Kb1 Be6 17. Nc1 d5 18. Nb3 Qc7 19. exd5 Nxd5 20. Bf5 Bxf5 21. gxf5 Rd8 22. Qe2 0-0 23. Rhg1 Nf4 24. Qe3 Rc8 25. Qe4 a5 26. Bg3 a4 27. Nd4 Bf6 28. Nb5 Qc5 29. Nd4 a3 30. Nb3 Qc7 31. Rd2 axb2 32. Bxf4 exf4 33. Rdg2 Qd6 34. Rg4 Ra8 35. Rxg7+ Bxg7 36. f6 Qxf6 37. Nd4 Rfe8 38. Qd3 Rad8 0-1

[Event "Bayern-chI Bank Hofmann 6th"]
[Site "Bad Wiessee"]
[Date "2002.10.31"]
[Round "6"]
[White "Taeger, Winfried"]
[Black "Gutman, Lev"]
[Result "0-1"]
[WhiteElo "2285"]
[BlackElo "2476"]
[PlyCount "48"]
[EventDate "2002.10.26"]
[EventType "swiss"]
[EventRounds "9"]
[EventCountry "GER"]
[SourceTitle "EXT 2003"]
[Source "ChessBase"]
[SourceDate "2002.11.25"]
[SourceVersion "1"]
[SourceVersionDate "2002.11.25"]
[SourceQuality "1"]

1. e4 d5 2. exd5 Qxd5 3. Nc3 Qd8 4. Bc4 g6 5. h4 Nf6 6. Nf3 Nc6 7. Ng5 e6 8. Bb5 Bg7 9. Bxc6+ bxc6 10. d3 h6 11. Nge4 Nd5 12. Bd2 f5 13. Ng3 Rb8 14. Rb1 c5 15. h5 g5 16. 0-0 0-0 17. Na4 Qd6 18. b3 Bb7 19. Nb2 Bxb2 20. Rxb2 Nf4 21. Bxf4 gxf4 22. Ne2 f3 23. gxf3 Bxf3 24. Qd2 Kh7 0-1

[Event "Bayern-chI Bank Hofmann 6th"]
[Site "Bad Wiessee"]
[Date "2002.10.30"]
[Round "5"]
[White "Saathoff, Richard"]
[Black "Taeger, Winfried"]
[Result "0-1"]
[WhiteElo "2112"]
[BlackElo "2285"]
[PlyCount "60"]
[EventDate "2002.10.26"]
[EventType "swiss"]
[EventRounds "9"]
[EventCountry "GER"]
[SourceTitle "EXT 2003"]
[Source "ChessBase"]
[SourceDate "2002.11.25"]
[SourceVersion "1"]
[SourceVersionDate "2002.11.25"]
[SourceQuality "1"]

1. e4 c5 2. Nf3 d6 3. d4 cxd4 4. Nxd4 Nf6 5. Nc3 Nc6 6. Bg5 e6 7. Qd2 a6 8. 0-0-0 h6 9. Be3 Be7 10. f4 Bd7 11. Bd3 b5 12. h3 b4 13. Nce2 e5 14. Nf5 Bxf5 15. exf5 Qa5 16. Kb1 0-0 17. g4 d5 18. fxe5 Nxe5 19. Bxh6 gxh6 20. Qxh6 Rfc8 21. g5 Bf8 22. Qh4 Nf3 23. Qf4 Ne4 24. Bxe4 dxe4 25. Qxe4 b3 26. Nc3 Rxc3 27. axb3 Rac8 28. bxc3 Qxc3 29. g6 Ba3 30. gxf7+ Kf8 0-1

[Event "Regionalliga SO 0102"]
[Site "Bayern"]
[Date "2002.04.14"]
[Round "8.4"]
[White "Taeger, Winfried"]
[Black "Hartl, Aldo"]
[Result "1-0"]
[WhiteElo "2295"]
[BlackElo "2080"]
[PlyCount "65"]
[EventDate "2001.10.07"]
[EventType "team"]
[EventRounds "9"]
[EventCountry "GER"]
[SourceTitle "EXT 2003"]
[Source "ChessBase"]
[SourceDate "2002.11.25"]
[SourceVersion "1"]
[SourceVersionDate "2002.11.25"]
[SourceQuality "1"]
[WhiteTeam "Tegernsee II"]
[BlackTeam "Trostberg"]
[WhiteTeamCountry "GER"]
[BlackTeamCountry "GER"]

1. e4 e5 2. Bc4 Nf6 3. d3 c6 4. Nf3 Be7 5. 0-0 d6 6. Re1 0-0 7. c3 Bg4 8. Nbd2 Nbd7 9. Nf1 d5 10. Bb3 dxe4 11. dxe4 Qc7 12. Ne3 Bh5 13. Nf5 Nc5 14. Bc2 Rfd8 15. Qe2 Ne6 16. h3 Bf8 17. g4 Bg6 18. N3h4 Nd7 19. Qf3 a5 20. Qg3 Kh8 21. Ng2 f6 22. h4 Bf7 23. h5 h6 24. Ngh4 Ndc5 25. Ng6+ Bxg6 26. hxg6 Nf4 27. Bxf4 exf4 28. Qh4 Qe5 29. Nd4 Qg5 30. Qxg5 hxg5 31. Kg2 a4 32. Rh1+ Kg8 33. Rh7 1-0

[Event "Regionalliga SO 0102"]
[Site "Bayern"]
[Date "2002.02.24"]
[Round "6.4"]
[White "Taeger, Winfried"]
[Black "Bauer, Robert"]
[Result "1-0"]
[WhiteElo "2295"]
[BlackElo "2015"]
[PlyCount "75"]
[EventDate "2001.10.07"]
[EventType "team"]
[EventRounds "9"]
[EventCountry "GER"]
[SourceTitle "EXT 2003"]
[Source "ChessBase"]
[SourceDate "2002.11.25"]
[SourceVersion "1"]
[SourceVersionDate "2002.11.25"]
[SourceQuality "1"]
[WhiteTeam "Tegernsee II"]
[BlackTeam "Freising"]
[WhiteTeamCountry "GER"]
[BlackTeamCountry "GER"]

1. e4 d5 2. Nc3 d4 3. Nce2 e5 4. Ng3 Be6 5. Nf3 Bd6 6. Bb5+ Nd7 7. Ba4 c5 8. 0-0 Qa5 9. Bxd7+ Bxd7 10. d3 Ne7 11. Nh5 Rg8 12. Nd2 0-0-0 13. Nc4 Qc7 14. f4 f6 15. fxe5 Bxe5 16. Nxe5 Qxe5 17. Bf4 Qe6 18. Bg3 Qg4 19. Qd2 Nc6 20. Nf4 Rge8 21. a3 h5 22. Nd5 Be6 23. Nc7 h4 24. Rf4 Qg6 25. Rxh4 Re7 26. Nxe6 Rxe6 27. Rf1 b6 28. Rf5 Ne5 29. Qe2 Qf7 30. Bxe5 Rxe5 31. Rxe5 fxe5 32. Qg4+ Rd7 33. b3 b5 34. Rh5 Qe7 35. Qf5 g6 36. Qxg6 c4 37. Qc6+ Kb8 38. Rh8+ 1-0

[Event "Regionalliga SO 0102"]
[Site "Bayern"]
[Date "2002.01.20"]
[Round "4.6"]
[White "Hacker, Alfons"]
[Black "Taeger, Winfried"]
[Result "0-1"]
[WhiteElo "1805"]
[BlackElo "2295"]
[PlyCount "48"]
[EventDate "2001.10.07"]
[EventType "team"]
[EventRounds "9"]
[EventCountry "GER"]
[SourceTitle "EXT 2003"]
[Source "ChessBase"]
[SourceDate "2002.11.25"]
[SourceVersion "1"]
[SourceVersionDate "2002.11.25"]
[SourceQuality "1"]
[WhiteTeam "Deggendorf"]
[BlackTeam "Tegernsee II"]
[WhiteTeamCountry "GER"]
[BlackTeamCountry "GER"]

1. e4 Nc6 2. d4 e5 3. Nf3 exd4 4. Nxd4 Bc5 5. Be3 Qf6 6. c3 Nge7 7. Bc4 Ne5 8. Be2 d5 9. f4 Ng4 10. Bxg4 Qh4+ 11. g3 Qxg4 12. Qxg4 Bxg4 13. Nd2 dxe4 14. Kf2 Bxd4 15. Bxd4 Nf5 16. Nxe4 Nxd4 17. cxd4 0-0-0 18. h3 Bf5 19. Ng5 Rxd4 20. Nxf7 Rf8 21. Ne5 Rd2+ 22. Ke3 Rxb2 23. g4 Be6 24. a4 Rb3+ 0-1

[Event "Bayern-chI Bank Hofmann 5th"]
[Site "Bad Wiessee"]
[Date "2001.11.03"]
[Round "8"]
[White "Sandipan, Chanda"]
[Black "Taeger, Winfried"]
[Result "1-0"]
[WhiteElo "2404"]
[BlackElo "2281"]
[PlyCount "35"]
[EventDate "2001.10.27"]
[EventType "swiss"]
[EventRounds "9"]
[EventCountry "GER"]
[SourceTitle "EXT 2002"]
[Source "ChessBase"]
[SourceDate "2001.11.25"]
[SourceVersion "1"]
[SourceVersionDate "2001.11.25"]
[SourceQuality "1"]

1. e4 e5 2. Nf3 Nc6 3. Bb5 a6 4. Ba4 d6 5. c3 f5 6. exf5 Bxf5 7. 0-0 Bd3 8. Re1 e4 9. Bc2 Be7 10. Bxd3 exd3 11. Qb3 d5 12. Qxb7 Na5 13. Qb4 Nc4 14. Qa4+ Kf7 15. b3 Nb6 16. Qf4+ Bf6 17. Ne5+ Kf8 18. Ba3+ 1-0

[Event "Bayern-chI Bank Hofmann 5th"]
[Site "Bad Wiessee"]
[Date "2001.10.29"]
[Round "3"]
[White "Taeger, Winfried"]
[Black "Wuerdinger, Alexander"]
[Result "1-0"]
[WhiteElo "2281"]
[BlackElo "2107"]
[PlyCount "86"]
[EventDate "2001.10.27"]
[EventType "swiss"]
[EventRounds "9"]
[EventCountry "GER"]
[SourceTitle "EXT 2003"]
[Source "ChessBase"]
[SourceDate "2002.11.25"]
[SourceVersion "1"]
[SourceVersionDate "2002.11.25"]
[SourceQuality "1"]

1. Nf3 Nf6 2. d4 g6 3. c4 Bg7 4. Nc3 d5 5. e3 0-0 6. cxd5 Nxd5 7. Bc4 Nb6 8. Bb3 Nc6 9. 0-0 e5 10. d5 Na5 11. Bc2 c6 12. e4 cxd5 13. exd5 Bf5 14. Bxf5 gxf5 15. Bg5 f6 16. Be3 f4 17. Bc5 Rf7 18. Re1 Rd7 19. Bxb6 Qxb6 20. Nh4 Rad8 21. Qg4 Kh8 22. Rad1 Qxb2 23. Ne4 Nc4 24. Qe6 Qb6 25. d6 Nxd6 26. Nxf6 Bxf6 27. Qxf6+ Kg8 28. Qg5+ Rg7 29. Qxe5 Re8 30. Qxf4 Rf8 31. Qd2 Nc8 32. Qd5+ Kh8 33. Nf3 Qf6 34. Re3 Ne7 35. Qe5 Qg6 36. g3 Nf5 37. Red3 Nh6 38. Rd8 Rfg8 39. Nh4 Qg4 40. R1d4 Qg5 41. Rxg8+ Nxg8 42. Nf5 Qc1+ 43. Kg2 Qc6+ 1-0